000 00894aam a2200313 i 4500
001 768714001
003 CO-MdFUSB
005 20250528143616.0
007 ta
008 250527t1983 sp ||||| |||| 00| 0 spa d
020 _a84-7228-778-5
040 _cCO-MdFUSB
041 0 _aspa
082 0 4 _a248.4
_223
_bY547d
100 1 _aYohn, Rick
_eautor
240 _aDiscover your spiritual gift and use it
245 1 0 _aDescubre tus dones espirituales
_c/ Rick Yohn ; traducido por Samuel Vila
264 1 _bClie,
_aTerrassa, Barcelona, España :
_c[1983]
264 4 _c©1983
300 _a191 páginas
336 _atexto
_btxt
_2rdacontent
337 _2rdamedia
_asin mediación
_bn
338 _2rdacarrier
_avolumen
_bnc
563 _aRústico
650 1 0 _aVida cristiana
_919
700 _aVila, Samuel,
_92027
_etraductor
942 _cBK
945 _aElías Tolentino
999 _c35893
_d35893